<?xml version="1.0" encoding="UTF-8"?>
<record
    xmlns:xsi="http://www.w3.org/2001/XMLSchema-instance"
    xsi:schemaLocation="http://www.loc.gov/MARC21/slim http://www.loc.gov/standards/marcxml/schema/MARC21slim.xsd"
    xmlns="http://www.loc.gov/MARC21/slim">

  <leader>01084    a2200157   4500</leader>
  <controlfield tag="003">Nust</controlfield>
  <controlfield tag="005">20170207154248.0</controlfield>
  <datafield tag="040" ind1=" " ind2=" ">
    <subfield code="c">Nust</subfield>
  </datafield>
  <datafield tag="082" ind1=" " ind2=" ">
    <subfield code="a">621.388</subfield>
  </datafield>
  <datafield tag="100" ind1=" " ind2=" ">
    <subfield code="a">Bali,SP</subfield>
  </datafield>
  <datafield tag="245" ind1=" " ind2=" ">
    <subfield code="a">Colour Television </subfield>
    <subfield code="b">Theory and Practice</subfield>
    <subfield code="c">SP Bali</subfield>
  </datafield>
  <datafield tag="260" ind1=" " ind2=" ">
    <subfield code="a">London</subfield>
    <subfield code="b">Mc Graw-Hill</subfield>
    <subfield code="c">1994</subfield>
  </datafield>
  <datafield tag="300" ind1=" " ind2=" ">
    <subfield code="a">xii,483p;</subfield>
  </datafield>
  <datafield tag="505" ind1=" " ind2=" ">
    <subfield code="a"> Elements of Colour (Page-1)Composite Colour Signal (Page-13) Colour TV Systems (Page-45) Colour Picture Tube (Page-83) nColour TV Receiver Controls (page-127) Colour TV Receivers (Page-146) ITT ( German) Colour TV Receiver (Page-176) Samsung (Korean) Colour TV Recover (page-206) Mitsubishi Colour TV Receiver (Page-248) Bel Colour TV Receiver CTS-86 (Page-258) System Compatibility (Page-288) Test Charts (Page-296) Projection TV (Page-303) Digital Jargon (Page-325) Teletext and View Data (Pae-333) Video Cassette Recorders (Page-244) Cable Television (Page-357) Video Game (Page-372) Video Disc (Page-378) Video Camera (Page-387) Satellite TV (Page-393) High Definition TV (Page-400) Digital TV (Page-414) Safety (Page-428)   </subfield>
  </datafield>
  <datafield tag="538" ind1=" " ind2=" ">
    <subfield code="a">Almirah No.27 Shelf No.2</subfield>
  </datafield>
  <datafield tag="942" ind1=" " ind2=" ">
    <subfield code="c">REF</subfield>
  </datafield>
  <datafield tag="999" ind1=" " ind2=" ">
    <subfield code="c">196205</subfield>
    <subfield code="d">196205</subfield>
  </datafield>
  <datafield tag="952" ind1=" " ind2=" ">
    <subfield code="0">0</subfield>
    <subfield code="1">0</subfield>
    <subfield code="2">ddc</subfield>
    <subfield code="4">0</subfield>
    <subfield code="7">0</subfield>
    <subfield code="8">NFIC</subfield>
    <subfield code="a">MCS</subfield>
    <subfield code="b">MCS</subfield>
    <subfield code="d">2016-12-12</subfield>
    <subfield code="l">0</subfield>
    <subfield code="o">621.388  BAL</subfield>
    <subfield code="p">MCS30263</subfield>
    <subfield code="r">2016-12-08</subfield>
    <subfield code="w">2016-12-12</subfield>
    <subfield code="y">BK</subfield>
  </datafield>
</record>
